Protagonistas 4 : (Record no. 10797)

000 -CABECERA
fixed length control field 01057nam a22002537a 4500
003 - IDENTIFICADOR DEL NÚMERO DE CONTROL
control field AR-CdUCM
008 - DATOS DE LONGITUD FIJA--INFORMACIÓN GENERAL
fixed length control field 190402b ||||| |||| 00| 0 spa d
020 ## - NÚMERO INTERNACIONAL ESTÁNDAR DEL LIBRO
ISBN 9972-745-39-2
040 ## - FUENTE DE LA CATALOGACIÓN
Agencia/entidad que catalogó originalmente la obra MUNICIPALIDAD PROVINCIAL DEL CUSCO
Entidad que transcribió la catalogación BIBLIOTECA MUNICIPAL DEL CUSCO
082 ## - NÚMERO DE LA CLASIFICACIÓN DECIMAL DEWEY
No. de Clasificación ES / 373.300 /
Notacion interna P84
100 ## - ENTRADA PRINCIPAL--NOMBRE DE PERSONA
Nombre Personal Prado Vargas Machuca, María Inés
245 ## - MENCIÓN DE TÍTULO
Título Protagonistas 4 :
Resto del título Ciencias sociales para secundaria /
260 ## - PUBLICACIÓN, DISTRIBUCIÓN, ETC.
Lugar de publicación, distribución, etc. Perú :
Nombre de la editorial, distribuidor, etc. Grupo editorial Norma,
Fecha de publicación, distribución, etc. 1999.
300 ## - DESCRIPCIÓN FÍSICA
Nº de Páginas Extensión 295 paginas
Dimensiones 28 cm.
440 ## - MENCIÓN DE SERIE/PUNTO DE ACCESO ADICIONAL--TÍTULO
Título Serie protagonistas
9 (RLIN) 27816
505 ## - NOTA DE CONTENIDO CON FORMATO
Nota de contenido formateada Contenido :El desarrollo humano -- Las oligarquías en América Latina -- Una crisis capitalista: la gran depresión de 1929 -- Crisis económica y distensión política -- Los estados nacionales en cuestión ...
650 ## - PUNTO DE ACCESO ADICIONAL DE MATERIA--TÉRMINO DE MATERIA
Descriptor Historia del Perú
9 (RLIN) 259
650 ## - PUNTO DE ACCESO ADICIONAL DE MATERIA--TÉRMINO DE MATERIA
Descriptor Educación secundaria
9 (RLIN) 4648
700 ## - PUNTO DE ACCESO ADICIONAL--NOMBRE DE PERSONA
Nombre Personal Villa Esteves, Deolinda
9 (RLIN) 27832
700 ## - PUNTO DE ACCESO ADICIONAL--NOMBRE DE PERSONA
Nombre Personal Olano de Cieza, Pamela
9 (RLIN) 27833
700 ## - PUNTO DE ACCESO ADICIONAL--NOMBRE DE PERSONA
Nombre Personal Haya de la Torre de la Rosa, Agustín
9 (RLIN) 27834
942 ## - ELEMENTOS DE PUNTO DE ACCESO ADICIONAL (KOHA)
Fuente de clasificación
Tipo de item Libros-BMC
945 ## - PROCESAMIENTO DE INFORMACIÓN LOCAL (OCLC)
Catalogador rum
Holdings
Estado de retiro (separado) Fuente de clasificación o esquema de estanterías Estado dañado Ubicación Sala donde se ubica Nombre de la colección Fecha de adquisición o compra Costo, precio normal en soles Signatura topográfica Código de Barras Última vez visto (Koha) Tipo de ítem (Koha)
No     Sala de Infantes Sala de Infantes Children's Area 2019-04-02 28.00 ES / 373.300 / P84 SI00000830 2019-04-02 Libros-BMC

Powered by Koha